UBT Library

Soil micromorphology and soil classification : (Record no. 41683)

000 -LEADER
fixed length control field 00746nam a2200217 a 4500
001 - CONTROL NUMBER
control field 3334432
005 - DATE AND TIME OF LATEST TRANSACTION
control field 20180202081822.0
008 - FIXED-LENGTH DATA ELEMENTS--GENERAL INFORMATION
fixed length control field 850503s1985 wiua b 100 0 eng
010 ## - LIBRARY OF CONGRESS CONTROL NUMBER
LC control number 85050636
020 ## - INTERNATIONAL STANDARD BOOK NUMBER
International Standard Book Number 0891187766 (pbk.)
040 ## - CATALOGING SOURCE
Original cataloging agency DLC
Transcribing agency DLC
Modifying agency DLC
041 ## - LANGUAGE CODE
Language code of text/sound track or separate title eng
080 ## - UNIVERSAL DECIMAL CLASSIFICATION NUMBER
Universal Decimal Classification number 631.43 DOU
082 00 - DEWEY DECIMAL CLASSIFICATION NUMBER
Classification number 631.43 DOU
Edition number 19
100 ## - Rafti
Rafti 42
101 ## - Shkurtesa
Shkurtesa GJEO
245 00 - TITLE STATEMENT
Title Soil micromorphology and soil classification :
Statement of responsibility, etc Lowell A. Douglas and Michael L. Thompson, editors.
504 ## - BIBLIOGRAPHY, ETC. NOTE
Bibliography, etc Includes bibliographies.
906 ## - LOCAL DATA ELEMENT F, LDF (RLIN)
a 7
b cbc
c orignew
d 2
e ocip
f 19
g y-gencatlg
942 ## - ADDED ENTRY ELEMENTS (KOHA)
Source of classification or shelving scheme
Item type Books
Holdings
Withdrawn status Lost status Source of classification or shelving scheme Damaged status Not for loan Collection code Permanent location Current location Shelving location Date acquired Total Checkouts Full call number Barcode Date last seen Price effective from Koha item type
          Koleksioni i përgjithshem UBT - Lipjan UBT - Lipjan Koleksioni i përgjithshem 02/02/2018   631.43 DOU 002-2997460 02/02/2018 02/02/2018 Books
UBT Library © 2015-2024. All rights reserved University Education for Business and Technology